000 01216nam a2200229Ia 4500
003 Ost
005 20260507075141.0
008 260507s9999||||xx |||||||||||||| ||und||
040 _cfsecg
041 _aara
082 _a330
100 _aالصيرفي، محمد
_eمؤلف
245 0 _aالمرجع المتكامل في الإدارة الالكترونية للموارد البشرية /
_c محمد الصيرفي
260 _aالاسكندرية:
_bالمكتب الجامعي الحديث,
_c2009
300 _a723 صفحة؛
_bإيضاحات ؛
_c24 سم
504 _aالمراجع ص.707
520 _aمفاهيم ومصطلحات- إدارة الموارد البشرية مفهومها ووظائفها- نظم معلومات الموارد البشرية- الطرق المستخدمة في عرض المعلومات في إطار أدوار المستخدمين ومهامهم وطلباتهم من نظم المعلومات- المعالجة الإلكترونية لبعض وظائف إدارة الموارد البشرية
653 _aإدارة الأفراد
653 _aإدارة- الموارد البشرية
653 _aالقوى العاملة
942 _cكتاب
999 _c43298
_d43298